000
00255nam a2200121Ia 4500
100
_a
Mahajan/ A.K.
942
_c
BK
654
_a
Strength
245
_a
Strength Of Materials
260
_b
Vrinda pub.
_a
Jalgaon
_c
1992
300
_a
246
546
_a
ENGLISH
999
_c
33285
_d
33285